00919cam a22002774a 4500999001700000001001000017003000800027005001700035007000300052008004100055020001800096040003100114041000800145080001700153100003200170245011100202250002500313260004200338300001200380490003500392650001500427650001300442650001400455942001200469952016000481 c35455d35455001272410AR-BaBN20260303084003.0ta121123s2012 ag gr 001 0 spa d a9789506026264 aSIUNPAbspacSIUNPAeAACR2 aspa1 a159.92 F363a1 aFernández, Aliciaeautora13aLa atencionalidad atrapada :bestudio sobre el desarrollo de la capacidad atencional /cAlicia Fernández a1a. ed., 1a. reimpr. aBuenos Aires :bNueva Visión,c2012 a301 p.  a(Psicología contemporánea) 4aPSICOLOGIA 4aATENCION 4aAPTITUDES 2udccBK 00102udc40708CGaBIB_RECTbBIB_UARGd2026-03-03eDonación Sura, Ivan Matíasg21000.00i05-51967o159.92 F363ap05-51967r2026-03-03w2026-03-03yBK